000 00788nam a2200289Ia 4500
005 20260324111755.0
008 008 260324s9999 xx 000 0 eng d
020 _a9788770047722
037 _aEBOOK
040 _aCRL
040 _beng
040 _cCRL
041 _2eng
041 _aeng
084 _qCRL
100 _aMohammed Ismail Iqbal; Vamsi Krishna Kudapa
_91139965
245 0 _aOil Well Production Mechanism
245 0 _bTraining Manual on Well Production Operations for Non-production Engineers (Oil and Gas Production Operations)
260 _bTaylor and Francis
260 _c2025
365 _a
365 _b240
856 _uhttp://www.taylorfrancis.com/books/9788770047722
942 _cEBOOK
999 _c1728884
_d1728884